Sesiones de Estocolmo y Roskilde (Record no. 115683)

MARC details
000 -LEADER
campo de control de longitud fija 00671nam a2200205 i 4500
001 - NÚMERO DE CONTROL
campo de control 115683
003 - IDENTIFICADOR DE NÚMERO DE CONTROL
campo de control ES-MaACL
005 - FECHA Y HORA DE LA ÚLTIMA TRANSACCIÓN
campo de control 20230906190531.0
007 - CAMPO FIJO DE DESCRIPCIÓN FÍSICA--INFORMACIÓN GENERAL
campo de control de longitud fija t|
008 - DATOS DE LONGITUD FIJA--INFORMACIÓN GENERAL
campo de control de longitud fija 070427s1969 sp ||||1| spa d
080 ## - NÚMERO DE LA CLASIFICACIÓN DECIMAL UNIVERSAL
Número de la Clasificación Decimal Universal 959.7"1964/..."
245 00 - MENCIÓN DEL TÍTULO
Título Sesiones de Estocolmo y Roskilde
Resto del título : /
Mención de responsabilidad, etc. directora de redacción Vladimir Dedijar ; documentación: Catherine Russell.
250 ## - MENCION DE EDICION
Mención de edición 1ª ed.
260 ## - PUBLICACIÓN, DISTRIBUCIÓN, ETC.
Lugar de publicación, distribución, etc. [Madrid] :
Nombre del editor, distribuidor, etc. Siglo XXI de España,
Fecha de publicación, distribución, etc. [1969]
300 ## - DESCRIPCIÓN FÍSICA
Extensión 413 p. ;
Dimensiones 21 cm.
500 ## - NOTA GENERAL
Nota general Precede al tít.: Tribunal Russell.
650 14 - PUNTO DE ACCESO ADICIONAL DE MATERIA--TÉRMINO DE MATERIA
Término de materia o nombre geográfico como elemento de entrada Guerra del Vietnam, 1961-1975.
9 (RLIN) 13204
700 1# - ENTRADA AGREGADA--NOMBRE PERSONAL
Nombre de persona Dedijer, Vladimir.
9 (RLIN) 43190
852 ## - LOCALIZACIÓN
Ubicación ES-MaACL
Número de control de estantería C-36618
Sublocalización o colección R.69557
Holdings
Estatus retirado Estado de pérdida Estado de daño No para préstamo Biblioteca de origen Biblioteca actual Ubicación en estantería Fecha de adquisición Fuente de adquisición Total de préstamos Signatura topográfica completa Código de barras Visto por última vez Precio de reemplazo Tipo de ítem Koha
        Biblioteca del Ateneo de Madrid Biblioteca del Ateneo de Madrid Depósito 2 17/01/2008     C-36618 1120639 23/02/2023 23/02/2023 Libro impreso